000 01615nam0a2200277 4500
001 RU\NLR\BIBL_A\011446928
005 20260408072752.0
035 _a(NLR Aleph) 011446928
090 _a11732464
_c11732464
100 _a20170801d2007 |||y0rusy50 ca
101 0 _arus
102 _aRU
105 _ay z 000zy
200 1 _aМеханизмы социализации детей и подростков в Зауралье в конце XX века материалы Центра культурно-антропологических исследований
_eматериалы Центра культурно-антропологических исследований [ШГПИ]
_fсоставитель [и ответственный редактор]: С.Б. Борисов, [доктор культурологии, профессор]
210 _aШадринск
_c[б. и.]
_d2007
215 _a56 с.
_d21
606 1 _aДетские игры
_xИстория
_yЗауралье
_z20 в.
_92339576
_3RU\NLR\AUTH\6601622139
686 1 _aЧ421.382.59
686 1 _aЧ411.37
686 1 _aЧ491.847
702 1 _4220
_8rus
_7ca
_aБорисов
_bС. Б.
_cд-р культурологии, писатель
_f1963-
_gСергей Борисович
_3RU\NLR\AUTH\7722193
_95252
711 0 2 _aШадринский государственный педагогический институт
_bЦентр культурно-антропологических исследований
_3RU\NLR\AUTH\8810215482
_9317180
942 _cBOOK
980 _aNB